<?xml version="1.0" encoding="UTF-8"?>
<record
    xmlns:xsi="http://www.w3.org/2001/XMLSchema-instance"
    xsi:schemaLocation="http://www.loc.gov/MARC21/slim http://www.loc.gov/standards/marcxml/schema/MARC21slim.xsd"
    xmlns="http://www.loc.gov/MARC21/slim">

  <leader>013400000a22002170004500</leader>
  <controlfield tag="001">14279</controlfield>
  <controlfield tag="003">CO-MdBIC</controlfield>
  <datafield tag="020" ind1=" " ind2=" ">
    <subfield code="a">978-84-8169-412-3</subfield>
  </datafield>
  <datafield tag="040" ind1=" " ind2=" ">
    <subfield code="b">spa.</subfield>
  </datafield>
  <datafield tag="082" ind1="0" ind2="4">
    <subfield code="a">G 270.1 W5821j</subfield>
  </datafield>
  <datafield tag="100" ind1="1" ind2=" ">
    <subfield code="a">White, L. Michael</subfield>
  </datafield>
  <datafield tag="245" ind1="1" ind2="0">
    <subfield code="a">De Jes&#xFA;s al cristianismo : El Nuevo Testamento y la fe cristiana : Un proceso de cuatro generaciones / L. Michael White ; Jos&#xE9; P&#xE9;rez Escobar, Traductor</subfield>
  </datafield>
  <datafield tag="260" ind1=" " ind2=" ">
    <subfield code="a">Estella, Narrava :  Verbo Divino</subfield>
  </datafield>
  <datafield tag="300" ind1=" " ind2=" ">
    <subfield code="a">598 P&#xE1;g.</subfield>
  </datafield>
  <datafield tag="336" ind1=" " ind2=" ">
    <subfield code="a">texto</subfield>
    <subfield code="b">txt</subfield>
    <subfield code="2">rdacontent</subfield>
  </datafield>
  <datafield tag="337" ind1=" " ind2=" ">
    <subfield code="2">rdamedia</subfield>
    <subfield code="a">sin mediaci&#xF3;n</subfield>
    <subfield code="b">n</subfield>
  </datafield>
  <datafield tag="338" ind1=" " ind2=" ">
    <subfield code="2">rdacarrier</subfield>
    <subfield code="a">volumen</subfield>
    <subfield code="b">nc</subfield>
  </datafield>
  <datafield tag="500" ind1=" " ind2=" ">
    <subfield code="a">T&#xED;tulo original : From Jesus to Christianity.  How four generations of visionaries  storytellers created the New Testament and christian faith.</subfield>
  </datafield>
  <datafield tag="505" ind1=" " ind2=" ">
    <subfield code="a">- El mundo del NT: La Pax romana; Los jud&#xED;os bajo el Imperio Romano; Religi&#xF3;n y sociedad en el mundo romano; El juda&#xED;smo en Palestina y en la di&#xE1;spora. - La primera generaci&#xF3;n; El Jes&#xFA;s hist&#xF3;rico; Antes de que fueran cristianos: el comienzo del movimiento de Jes&#xFA;s; Pablo: su vida e importancia. - La segunda generaci&#xF3;n: La primera revuelta jud&#xED;a y sus consecuencias; Las trayectorias del evangelio - La tercera generaci&#xF3;n: de la secta a la Iglesia: Cristolog&#xED;a y conflictos - La cuarta generaci&#xF3;n: llegada a la mayor&#xED;a de edad en el mundo romano</subfield>
  </datafield>
  <datafield tag="942" ind1=" " ind2=" ">
    <subfield code="c">BK</subfield>
  </datafield>
  <datafield tag="952" ind1=" " ind2=" ">
    <subfield code="0">0</subfield>
    <subfield code="1">0</subfield>
    <subfield code="4">0</subfield>
    <subfield code="7">0</subfield>
    <subfield code="8">GEN</subfield>
    <subfield code="a">FUSBC</subfield>
    <subfield code="b">FUSBC</subfield>
    <subfield code="d">2007-04-30</subfield>
    <subfield code="l">3</subfield>
    <subfield code="m">1</subfield>
    <subfield code="o">G 270.1 W5821j </subfield>
    <subfield code="p">15737</subfield>
    <subfield code="r">2021-06-10 00:00:00</subfield>
    <subfield code="s">2021-06-03</subfield>
    <subfield code="t">1</subfield>
    <subfield code="w">2016-01-26</subfield>
    <subfield code="y">BK</subfield>
    <subfield code="B">0</subfield>
    <subfield code="C">3</subfield>
  </datafield>
  <datafield tag="999" ind1=" " ind2=" ">
    <subfield code="c">43171</subfield>
    <subfield code="d">43171</subfield>
  </datafield>
</record>
